Economic Survey 1998-1999 (Record no. 586405)
[ view plain ]
| 000 -LEADER | |
|---|---|
| fixed length control field | 00316nam a22001097a 4500 |
| 082 ## - DEWEY DECIMAL CLASSIFICATION NUMBER | |
| Classification number | 330.95491 |
| 245 ## - TITLE STATEMENT | |
| Title | Economic Survey 1998-1999 |
| Statement of responsibility, etc. | Finance Division, Govt of Pakistan |
| 260 ## - PUBLICATION, DISTRIBUTION, ETC. | |
| Place of publication, distribution, etc. | Islamabad |
| Name of publisher, distributor, etc. | Economic Advisor's Wing |
| Date of publication, distribution, etc. | 1999 |
| 300 ## - PHYSICAL DESCRIPTION | |
| Extent | 163p |
| 942 ## - ADDED ENTRY ELEMENTS (KOHA) | |
| Source of classification or shelving scheme | |
| Koha item type | Book |
| Withdrawn status | Lost status | Source of classification or shelving scheme | Damaged status | Not for loan | Permanent Location | Current Location | Date acquired | Total Checkouts | Full call number | Barcode | Date last seen | Date last checked out | Price effective from | Koha item type |
|---|---|---|---|---|---|---|---|---|---|---|---|---|---|---|
| Central Library (CL) | Central Library (CL) | 09/04/2021 | 1 | 330.95491 GOV | NBS1051 | 12/21/2021 | 12/15/2021 | 09/04/2021 | Book |
